Trikots 3. Liga 2025/26 - Statistiken

Allgemein
  • Dieses Quiz wurde 68 mal gespielt
  • Das Durchschnittsergebnis liegt bei 16 aus 20
Antwortstatistiken
Bildquiz Antwort % Korrekt
VfB Stuttgart II
98%
1. FC Saarbrücken
95%
MSV Duisburg
95%
VfL Osnabrück
95%
TSV 1860 München
92%
Energie Cottbus
89%
Waldhof Mannheim
87%
Erzgebirge Aue
86%
Alemannia Aachen
83%
Hansa Rostock
83%
SSV Ulm
81%
Rot-Weiß Essen
78%
Wehen Wiesbaden
78%
TSG Hoffenheim II
76%
Jahn Regensburg
75%
SC Verl
75%
1. FC Schweinfurt 05
73%
FC Ingolstadt 04
73%
TSV Havelse
63%
Viktoria Köln
59%
Keine übereinstimmenden Quizze gefunden
Verteilung der Resultate
Anzahl Personen mit jedem Resultat
Perzentil nach korrekt beantworteten Fragen
Ihre Resultats-Entwicklung
Sie haben dieses Quiz noch nicht gespielt